| 000 | 01051nam a22002537a 4500 | ||
|---|---|---|---|
| 005 | 20170504105236.0 | ||
| 010 | _a1617EN ENG-116894 | ||
| 020 |
_a9780199459636 _c525.00 |
||
| 035 | _aB-651503-515 | ||
| 035 | _aEN-100426 | ||
| 035 | _aB-666235 | ||
| 037 |
_bPragati _adpl |
||
| 037 | _bDBAD/PUB | ||
| 082 | _a005.133 | ||
| 100 | _aThareja , Reema | ||
| 245 |
_aObject oriented programming with C++ / _cby Reema Thareja |
||
| 260 |
_c2016 (rp) _aNew Delhi _bOxford University Press |
||
| 270 |
_aYMCA Library Building, 1, Jai Singh Road, _bNew Delhi _e110001. |
||
| 300 |
_c24cm(pbk) _axviii,780p. _bill. |
||
| 500 | _aincludes index | ||
| 942 |
_cEN _2ddc _h005.133 _mTHA |
||
| 999 |
_c101900 _d101900 |
||